| 000 | 00641cam a2200205 4500 | ||
|---|---|---|---|
| 001 | D15216 | ||
| 008 | 090401t1981 xxu||||| |||| 00| 0 eng d | ||
| 035 | _a(Sirsi) u21163 | ||
| 041 | _aeng | ||
| 050 | _a690.24 | ||
| 110 |
_aRoyal Institution of Chartered Surveyors _94900 |
||
| 245 | _aCommercial and industrial property refurbishments. One day conference [at RICS] 23 April 1981 | ||
| 260 |
_aLondon _bSurveyors` Technical Services _c1981 |
||
| 300 | _aSynopses of 4 papers. 1 full paper | ||
| 350 | _a0 | ||
| 520 | _aFiled in box RICS 1981/26 ABC | ||
| 710 |
_aGeneral Practice Division _9752 |
||
| 942 | _n0 | ||
| 948 | _c04/03/1997 | ||
| 999 |
_c87931 _d87931 |
||